| 000 | 00446nam a22001697a 4500 | ||
|---|---|---|---|
| 005 | 20250122104514.0 | ||
| 008 | 250122b |||||||| |||| 00| 0 eng d | ||
| 020 | _a81-239-1451-2 | ||
| 041 | _aeng | ||
| 082 | _a363.73 | ||
| 100 |
_aNARAYANAN, P. _98598 |
||
| 245 | _aENVIRONMENTAL POLLUTION: PRINCIPLES ANALYSIS AND CONTROL | ||
| 260 |
_aNEW DELHI _bCBS PUBLISHERS & DISTRIBUTORS PVT LTD |
||
| 300 | _a671;P | ||
| 650 | _aMINING | ||
| 942 | _cBK | ||
| 999 |
_c8726 _d8724 |
||